| LEADER 00000nam 2200000uu 4500 |
| 001 13399110600 |
| 003 BCNR |
| 008 110222s2553||||th 000 0 tha d |
| 020 9789742251505
|
| 041 0 tha
|
| 060 04 WB310^bส838ก 2553
|
| 100 0 สุภาพร ดาวดี
|
| 245 00 การดูแลผู้ป่วยระยะสุดท้ายตามมุมมองศาสนาคริสต์คาทอลิก =^bPalliative care : a christian perspective /^cโดย สุภาพร ดาวดี, เชิดชัย เลิศจิตรเลขา และ วิโรจน์ สืบหลินวงศ์
|
| 246 3 Palliative care : a christian perspective
|
| 250 พิมพ์ครั้งที่ 1
|
| 260 กรุงเทพฯ :^bสำนักพิมพ์แม่พระยุคใหม่,^c2553
|
| 300 0150 หน้า ;^c26 ซม.
|
| 650 7 พยาบาล
|
| 650 7 พยาบาลกับผู้ป่วย
|
| 650 7 ผู้ป่วยหนัก, การดูแล
|
| 650 7 ผู้ป่วยระยะสุดท้าย^xแง่ศาสนา^xคริสตศาสนา
|
| 650 7 นิกายคาทอลิก^xแง่ศาสนา^xคริสตศาสนา
|
| 700 0 เชิดชัย เลิศจิตรเลขา
|
| 700 0 วิโรจน์ สืบหลินวงศ์
|
| 999 ^aบรรณารักษ์
|